[Event "DEM U16w 2000"]
[Site "Überlingen GER"]
[Date "2000.06.04"]
[Round "1"]
[White "Schulte, Stefanie"]
[Black "Reiß, Rebekka"]
[Result "1/2-1/2"]
[Termination "normal"]
[Board "1"]
[WhiteElo "2115"]
[BlackElo "1388"]
[PlyCount "87"]
[WhiteFideId "4658000"]
[EventCountry "GER"]
[EventRounds "9"]
[EventType "swiss"]
[EventDate "2000.06.03"]

1. e4 e6 2. d4 d5 3. e5 c5 4. c3 Nc6 5. Nf3 f6 6. Be2 fxe5 7. Nxe5 Nxe5 8. dxe5
Ne7 9. Bg5 Qc7 10. f4 Nf5 11. Bd3 Qf7 12. g4 Ne7 13. O-O Ng6 14. h4 Ne7 15. h5
Nc6 16. Qc2 Qg8 17. b3 Be7 18. Bxe7 Nxe7 19. Nd2 g6 20. hxg6 Nxg6 21. Bxg6+
Qxg6 22. Qxg6+ hxg6 23. Kg2 Kf7 24. Rh1 Bd7 25. Nf3 Kg7 26. Ng5 Raf8 27. Kg3 b6
28. Rhf1 Rh6 29. Rad1 Bc8 30. f5 exf5 31. Rxd5 Re8 32. gxf5 Bxf5 33. e6 Bxe6
34. Nxe6+ Rxe6 35. Rd7+ Kg8 36. Rxa7 Rh7 37. Ra8+ Kg7 38. c4 Re3+ 39. Kf4 Re7
40. Kg4 Re4+ 41. Kf3 Re7 42. Rg1 Kf6 43. Rb8 Rb7 44. Rc8 1/2-1/2

[Event "DEM U16w 2000"]
[Site "Überlingen GER"]
[Date "2000.06.04"]
[Round "1"]
[White "Schwert, Karina"]
[Black "Mietzner, Tina"]
[Result "0-1"]
[Termination "normal"]
[Board "2"]
[WhiteElo "1348"]
[BlackElo "2105"]
[PlyCount "82"]
[BlackFideId "4655524"]
[EventCountry "GER"]
[EventRounds "9"]
[EventType "swiss"]
[EventDate "2000.06.03"]

1. d4 Nf6 2. c4 c5 3. d5 b5 4. cxb5 a6 5. bxa6 Bxa6 6. e3 Bxf1 7. Kxf1 d6 8.
Nc3 g6 9. Nf3 Bg7 10. e4 O-O 11. h4 Qb6 12. Qe2 Nbd7 13. Nd2 Rfb8 14. g4 Qa6
15. Qxa6 Rxa6 16. g5 Ng4 17. Nf3 Nge5 18. Nxe5 Nxe5 19. Ke2 Nc4 20. Nd1 Nxb2
21. Nxb2 Bxb2 22. Bxb2 Rxb2+ 23. Ke1 Ra4 24. f3 Ra3 25. Rf1 Raxa2 26. Rxa2 Rxa2
27. f4 Ra4 28. e5 dxe5 29. fxe5 Re4+ 30. Kf2 Rxe5 31. Rd1 Kg7 32. Kf3 h6 33.
Kf4 Rf5+ 34. Kg4 hxg5 35. hxg5 Kf8 36. d6 exd6 37. Rxd6 Ke7 38. Rc6 Kd7 39. Rf6
Rxf6 40. gxf6 Ke6 41. Kg5 Ke5 0-1

[Event "DEM U16w 2000"]
[Site "Überlingen GER"]
[Date "2000.06.04"]
[Round "1"]
[White "Schlosberg, Elisabeth"]
[Black "Rönsch, Kerstin"]
[Result "1-0"]
[Termination "normal"]
[Board "3"]
[WhiteElo "2040"]
[BlackElo "1299"]
[PlyCount "69"]
[WhiteFideId "4659228"]
[EventCountry "GER"]
[EventRounds "9"]
[EventType "swiss"]
[EventDate "2000.06.03"]

1. e4 d6 2. d4 Nf6 3. Nc3 g6 4. f4 Bg7 5. Nf3 O-O 6. Be2 Bg4 7. h3 Bxf3 8. Bxf3
Nfd7 9. e5 c6 10. O-O Qb6 11. Kh1 c5 12. Nd5 Qd8 13. Nxe7+ Qxe7 14. Bxb7 Nb6
15. Bxa8 Nxa8 16. Qf3 Na6 17. f5 Bh8 18. Bh6 Rd8 19. fxg6 hxg6 20. exd6 Qd7 21.
Rae1 Qf5 22. Qb3 Rb8 23. Qc4 Nb6 24. Qxa6 Qc8 25. Qxc8+ Rxc8 26. Re7 Bxd4 27.
d7 Nxd7 28. Rxd7 Kh7 29. Bg5 Rf8 30. Rfxf7+ Rxf7 31. Rxf7+ Kg8 32. Rxa7 Bxb2
33. a4 Bd4 34. a5 c4 35. Rc7 1-0

[Event "DEM U16w 2000"]
[Site "Überlingen GER"]
[Date "2000.06.04"]
[Round "1"]
[White "Bartholomeyzik, Theresa"]
[Black "Häcker, Sonja"]
[Result "0-1"]
[Termination "normal"]
[Board "4"]
[WhiteElo "1269"]
[BlackElo "1798"]
[PlyCount "122"]
[BlackFideId "4680928"]
[EventCountry "GER"]
[EventRounds "9"]
[EventType "swiss"]
[EventDate "2000.06.03"]

1. Nf3 c5 2. g3 Nc6 3. Bg2 d6 4. e4 e6 5. d3 g6 6. O-O Bg7 7. Nbd2 Nge7 8. Re1
O-O 9. h4 b5 10. Nf1 a5 11. a3 Qb6 12. N1h2 b4 13. a4 Rb8 14. Rb1 Ba6 15. Bf4
Nd4 16. e5 Nd5 17. c4 bxc3 18. Nxd4 Nxf4 19. gxf4 cxd4 20. bxc3 Qxb1 21. Qxb1
Rxb1 22. Rxb1 dxe5 23. fxe5 Bxd3 24. Rd1 Bc2 25. Rxd4 Bxe5 26. Rc4 Bf6 27. Nf3
Rb8 28. Nd2 Rd8 29. Nf3 Rd3 30. Nd4 Bxd4 31. cxd4 Bb3 32. Rc5 Rxd4 33. Rxa5 Rg4
34. f3 Rxa4 35. Rxa4 Bxa4 36. Kf2 Bc6 37. Ke3 Kg7 38. Kf4 Kf6 39. Bf1 e5+ 40.
Ke3 h5 41. Bc4 Bd7 42. f4 Be6 43. Bd3 Bg4 44. Bc4 exf4+ 45. Kxf4 Kg7 46. Bb5 f6
47. Be8 Kh6 48. Bf7 g5+ 49. hxg5+ fxg5+ 50. Kg3 Bd7 51. Bd5 h4+ 52. Kg2 g4 53.
Bc4 Kg5 54. Be2 Bc6+ 55. Kh2 Kf4 56. Bf1 Bd7 57. Bg2 g3+ 58. Kg1 h3 59. Bd5 Bg4
60. Bc6 Bf3 61. Bd7 h2+ 0-1

[Event "DEM U16w 2000"]
[Site "Überlingen GER"]
[Date "2000.06.04"]
[Round "1"]
[White "Czäczine, Anne"]
[Black "Ramming, Susanne"]
[Result "1-0"]
[Termination "normal"]
[Board "5"]
[WhiteElo "1787"]
[BlackElo "1207"]
[PlyCount "105"]
[WhiteFideId "4679326"]
[EventCountry "GER"]
[EventRounds "9"]
[EventType "swiss"]
[EventDate "2000.06.03"]

1. e4 e6 2. d4 d5 3. Nd2 c5 4. exd5 Qxd5 5. Ngf3 cxd4 6. Bc4 Qd8 7. O-O Nf6 8.
Nb3 Be7 9. Nbxd4 O-O 10. Bf4 Nd5 11. Bg3 Bd6 12. Bxd6 Qxd6 13. Nb5 Qc5 14. Qd4
Qxd4 15. Nfxd4 Nc6 16. Rad1 a6 17. Bxd5 Nxd4 18. Rxd4 axb5 19. Bb3 g6 20. Rfd1
Kg7 21. Rd6 Re8 22. Rb6 Ra5 23. Rd3 Kf8 24. a3 Ke7 25. Rbd6 Ra6 26. R6d4 Rc6
27. a4 Rb6 28. axb5 h6 29. c4 e5 30. Rd5 f6 31. c5 Rxb5 32. Ba4 Rxb2 33. Bxe8
Be6 34. Bxg6 Bxd5 35. Rxd5 Ke6 36. Rd6+ Ke7 37. Rb6 Rxb6 38. cxb6 Kd6 39. Be4
Kc5 40. Bxb7 Kxb6 41. Be4 Kc7 42. g4 Kd6 43. Kg2 Ke7 44. Kg3 Kf7 45. Kh4 Kg7
46. Kh5 f5 47. Bxf5 Kh8 48. Kxh6 Kg8 49. g5 e4 50. Bxe4 Kh8 51. g6 Kg8 52. g7
Kf7 53. Kh7 1-0

[Event "DEM U16w 2000"]
[Site "Überlingen GER"]
[Date "2000.06.04"]
[Round "1"]
[White "Hönecke, Judith"]
[Black "Schuler, Dorothea"]
[Result "0-1"]
[Termination "normal"]
[Board "6"]
[WhiteElo "1149"]
[BlackElo "1739"]
[PlyCount "68"]
[WhiteFideId "4696328"]
[EventCountry "GER"]
[EventRounds "9"]
[EventType "swiss"]
[EventDate "2000.06.03"]

1. e4 c5 2. Nf3 Nc6 3. d4 cxd4 4. Nxd4 Nf6 5. Nc3 e5 6. Ndb5 d6 7. Bg5 a6 8.
Bxf6 gxf6 9. Na3 b5 10. Nd5 f5 11. exf5 Bxf5 12. c3 Bg7 13. Nc2 O-O 14. Nce3
Be6 15. g3 Ra7 16. Bg2 f5 17. f4 Ne7 18. O-O Ng6 19. Qd2 exf4 20. Nxf4 Nxf4 21.
gxf4 Rf6 22. Rf3 Kh8 23. Qf2 Rd7 24. Rg3 Rg6 25. a4 b4 26. cxb4 d5 27. Rd1 d4
28. Nc2 d3 29. Ne1 Bd4 30. Re3 Qb6 31. Rdxd3 Bxe3 32. Rxe3 Qxb4 33. Qe2 Qb6 34.
Kh1 Rdg7 0-1

[Event "DEM U16w 2000"]
[Site "Überlingen GER"]
[Date "2000.06.04"]
[Round "1"]
[White "Fey, Franziska"]
[Black "Thiery, Jennifer"]
[Result "1-0"]
[Termination "normal"]
[Board "7"]
[WhiteElo "1734"]
[BlackElo "1093"]
[PlyCount "119"]
[WhiteFideId "4672992"]
[EventCountry "GER"]
[EventRounds "9"]
[EventType "swiss"]
[EventDate "2000.06.03"]

1. d4 d5 2. c4 dxc4 3. Nc3 c6 4. a4 Nf6 5. e3 Bf5 6. Bxc4 Nbd7 7. Qb3 e6 8. Nf3
Qc7 9. Bd2 Bd6 10. Rc1 O-O 11. Be2 a6 12. O-O Ng4 13. h3 Ngf6 14. Nh4 Be4 15.
Nxe4 Nxe4 16. Nf3 Ndf6 17. Bb4 b5 18. axb5 axb5 19. Bxd6 Qxd6 20. Qc2 Rfc8 21.
Bxb5 c5 22. Rfd1 Rab8 23. Bd3 Qd5 24. Ba6 Rc6 25. Bc4 Qd6 26. dxc5 Qxc5 27. b3
g6 28. Nd4 Rd6 29. Qe2 Qb6 30. Qf3 Rbd8 31. Bd3 Qb7 32. Be2 Qb4 33. Nc6 Qxb3
34. Nxd8 Nc3 35. Rxc3 Qxc3 36. Nb7 Rd7 37. Ba6 Rxd1+ 38. Qxd1 Qc6 39. Qd3 Nd5
40. Qb5 Qxb5 41. Bxb5 Kg7 42. Bc4 Nf6 43. Kf1 Ne4 44. Ke2 Nf6 45. Kf3 Nd7 46.
Bb5 Ne5+ 47. Ke4 Kf6 48. f4 Nd3 49. Bxd3 h5 50. g4 hxg4 51. hxg4 Ke7 52. g5 f5+
53. gxf6+ Kxf6 54. Nd6 Ke7 55. Ke5 Kd7 56. Bxg6 Ke7 57. Bf7 Kd8 58. Bxe6 Ke7
59. f5 Kd8 60. f6 1-0

[Event "DEM U16w 2000"]
[Site "Überlingen GER"]
[Date "2000.06.04"]
[Round "1"]
[White "Lunz, Pia"]
[Black "Winnicki, Alice"]
[Result "1/2-1/2"]
[Termination "normal"]
[Board "8"]
[WhiteElo "1079"]
[BlackElo "1644"]
[PlyCount "48"]
[BlackFideId "4687990"]
[EventCountry "GER"]
[EventRounds "9"]
[EventType "swiss"]
[EventDate "2000.06.03"]

1. d4 Nf6 2. c4 g6 3. Nc3 d5 4. e3 Bg7 5. Nf3 O-O 6. Be2 c5 7. O-O cxd4 8. Nxd4
dxc4 9. Bxc4 Qc7 10. Be2 e5 11. Ndb5 Qe7 12. b3 Rd8 13. Ba3 Rxd1 14. Bxe7 Rxf1+
15. Rxf1 Na6 16. Rd1 Be6 17. Rd8+ Rxd8 18. Bxd8 Nb4 19. Nxa7 Nfd5 20. Nab5 Nxc3
21. Nxc3 f5 22. Ba5 Nc6 23. Bb6 e4 24. Nb5 Nb4 1/2-1/2

[Event "DEM U16w 2000"]
[Site "Überlingen GER"]
[Date "2000.06.04"]
[Round "1"]
[White "Diebig, Maja"]
[Black "Gorodetskaja, Ewgenija"]
[Result "1-0"]
[Termination "normal"]
[Board "9"]
[WhiteElo "1614"]
[BlackElo "1029"]
[PlyCount "77"]
[EventCountry "GER"]
[EventRounds "9"]
[EventType "swiss"]
[EventDate "2000.06.03"]

1. d4 d5 2. c4 e6 3. Nc3 c6 4. Bf4 f5 5. Nf3 Nf6 6. e3 Bd6 7. Bxd6 Qxd6 8. Be2
Nbd7 9. Rb1 O-O 10. b4 Ne4 11. Qc2 Ndf6 12. O-O Nxc3 13. Qxc3 Ne4 14. Qc2 b6
15. Ne5 c5 16. bxc5 bxc5 17. Nf3 Ba6 18. Rfc1 Rac8 19. Qd1 Rfd8 20. h3 cxd4 21.
Qxd4 dxc4 22. Qxa7 Rc7 23. Qd4 c3 24. Bxa6 Nd2 25. Nxd2 cxd2 26. Rd1 e5 27.
Qxd6 Rxd6 28. Be2 Rc2 29. Kh2 Kf7 30. a4 Rd5 31. Rb5 Rxb5 32. Bxb5 e4 33. Kg3
Ke7 34. f3 exf3 35. Kxf3 Kd8 36. Ke2 Kc7 37. Rxd2 Rc3 38. Rd7+ Kb6 39. Rxg7 1-0

[Event "DEM U16w 2000"]
[Site "Überlingen GER"]
[Date "2000.06.04"]
[Round "1"]
[White "Tröstrum, Tina"]
[Black "Hauck, Kerstin Elisabeth"]
[Result "1-0"]
[Termination "normal"]
[Board "10"]
[WhiteElo "1019"]
[BlackElo "1506"]
[PlyCount "115"]
[EventCountry "GER"]
[EventRounds "9"]
[EventType "swiss"]
[EventDate "2000.06.03"]

1. e4 e5 2. Nf3 Nf6 3. Nxe5 d6 4. Nf3 Nxe4 5. Qe2 Qe7 6. d3 Nf6 7. Bg5 Qxe2+ 8.
Bxe2 Be7 9. Nc3 c6 10. O-O O-O 11. Ne4 Nbd7 12. Rfe1 d5 13. Ng3 h6 14. Nf5 Bb4
15. c3 hxg5 16. cxb4 g4 17. N3d4 Ne5 18. Ne7+ Kh7 19. Bf1 Ng6 20. Rac1 a6 21.
Re3 Nf4 22. Rce1 Ne6 23. Nxc8 Nxd4 24. Nb6 Rae8 25. Rxe8 Rxe8 26. Rxe8 Nxe8 27.
Nd7 f6 28. Nc5 Nd6 29. a3 g5 30. g3 f5 31. h3 gxh3 32. Bxh3 Nf3+ 33. Kf1 g4 34.
Bg2 Nd4 35. Ke1 Kg6 36. Kd2 Kg5 37. Ke3 N4b5 38. Bf1 d4+ 39. Kd2 Nc7 40. Be2 f4
41. Bd1 f3 42. Bb3 Kf5 43. Bg8 Kg6 44. Ba2 b6 45. Nd7 Kf5 46. Nxb6 Ne6 47. Nc4
Nxc4+ 48. Bxc4 Nc7 49. Kc2 Ke5 50. Kb3 Nb5 51. Ka4 Kd6 52. Bxb5 axb5+ 53. Ka5
Kc7 54. Ka6 Kd6 55. Kb6 Kd5 56. b3 Kd6 57. a4 Kd7 58. a5 1-0

[Event "DEM U16w 2000"]
[Site "Überlingen GER"]
[Date "2000.06.04"]
[Round "1"]
[White "Blodig, Carolin"]
[Black "Brandt, Madeleine"]
[Result "1/2-1/2"]
[Termination "normal"]
[Board "11"]
[WhiteElo "1476"]
[BlackElo "923"]
[PlyCount "92"]
[WhiteFideId "4692012"]
[EventCountry "GER"]
[EventRounds "9"]
[EventType "swiss"]
[EventDate "2000.06.03"]

1. e4 d5 2. exd5 Qxd5 3. Nc3 Qa5 4. d4 c6 5. Bd2 Qc7 6. Nf3 Bf5 7. Bc4 e6 8. h3
Nf6 9. O-O Bd6 10. Re1 O-O 11. Nh4 Bg6 12. Nxg6 hxg6 13. Qf3 Nbd7 14. Bb3 Be7
15. Rad1 Nb6 16. Ne4 Nbd5 17. c3 Rad8 18. g3 Nxe4 19. Rxe4 Rd7 20. Kg2 Nf6 21.
Re2 Kh7 22. Be3 a6 23. c4 Qd8 24. a3 Rh8 25. Red2 Kg8 26. d5 cxd5 27. cxd5 exd5
28. Bxd5 Nxd5 29. Rxd5 Rxd5 30. Rxd5 Qc8 31. Qd1 Qxh3+ 32. Kf3 Bf6 33. Qb3 Qh1+
34. Ke2 b5 35. Rd6 Qb7 36. Qc2 Kh7 37. Rb6 Qa8 38. Rc6 Re8 39. b3 Bd4 40. a4
bxa4 41. bxa4 Bxe3 42. fxe3 Qa7 43. Qc3 Re4 44. Rc7 Qb8 45. Rxf7 Qe5 46. Qxe5
Rxe5 1/2-1/2

[Event "DEM U16w 2000"]
[Site "Überlingen GER"]
[Date "2000.06.04"]
[Round "1"]
[White "Beuckmann, Kristin"]
[Black "Ebner, Leah"]
[Result "0-1"]
[Termination "normal"]
[Board "12"]
[WhiteElo "823"]
[BlackElo "1425"]
[PlyCount "84"]
[EventCountry "GER"]
[EventRounds "9"]
[EventType "swiss"]
[EventDate "2000.06.03"]

1. c4 e5 2. Nc3 Nf6 3. g3 d5 4. cxd5 Nxd5 5. Bg2 c6 6. Nf3 Bd6 7. Qb3 Nxc3 8.
Qxc3 Qf6 9. b4 O-O 10. Bb2 Re8 11. d4 e4 12. Nd2 Bf5 13. e3 Nd7 14. O-O Nb6 15.
a3 Nd5 16. Qb3 a6 17. Bc3 Qe6 18. Nc4 Nb6 19. Na5 Qxb3 20. Nxb3 Nd5 21. Rfc1 b6
22. Bd2 Rac8 23. Ra2 Rc7 24. Bf1 Ra8 25. Rac2 Bd7 26. Bg2 f5 27. f3 Re8 28.
fxe4 fxe4 29. Bf1 Rf8 30. Bc4 Rf5 31. a4 b5 32. axb5 axb5 33. Bxd5+ Rxd5 34.
Na5 Bh3 35. Rxc6 Rf7 36. Rb1 Rdf5 37. Rcc1 Rf2 38. Bc3 Rg2+ 39. Kh1 Rff2 40.
Rb2 Rxh2+ 41. Kg1 Rxb2 42. Bxb2 Rxb2 0-1

[Event "DEM U16w 2000"]
[Site "Überlingen GER"]
[Date "2000.06.04"]
[Round "2"]
[White "Mietzner, Tina"]
[Black "Fey, Franziska"]
[Result "1/2-1/2"]
[Termination "normal"]
[Board "1"]
[WhiteElo "2105"]
[BlackElo "1734"]
[PlyCount "164"]
[WhiteFideId "4655524"]
[BlackFideId "4672992"]
[EventCountry "GER"]
[EventRounds "9"]
[EventType "swiss"]
[EventDate "2000.06.03"]

1. e4 c5 2. Nf3 d6 3. d4 cxd4 4. Nxd4 Nf6 5. Nc3 g6 6. Be3 Bg7 7. f3 O-O 8. Qd2
Nc6 9. g4 Bd7 10. O-O-O Qa5 11. h4 Rfc8 12. Nb3 Qc7 13. h5 Ne5 14. Be2 Be6 15.
hxg6 fxg6 16. Bd4 Nc4 17. Bxc4 Bxc4 18. Qh2 e5 19. Be3 b5 20. g5 Nh5 21. Nd5
Qf7 22. Qg2 Rf8 23. Rh3 Rac8 24. Kb1 Rfd8 25. Na5 Bf8 26. Nxc4 bxc4 27. c3 Rb8
28. Rf1 Bg7 29. f4 exf4 30. Bxf4 Rf8 31. Nf6+ Bxf6 32. gxf6 Nxf4 33. Rxf4 Qe6
34. Rxh7 Rxf6 35. Qh2 Rbf8 36. Qh6 Qxe4+ 37. Rxe4 Rf1+ 38. Qc1 Rxc1+ 39. Kxc1
Kxh7 40. Rxc4 Rf7 41. Rc6 Rd7 42. Kd2 g5 43. c4 Kg7 44. Ke3 Kf6 45. Ra6 Kf5 46.
Kf3 Ke5 47. Kg4 Kd4 48. b3 d5 49. cxd5 Kxd5 50. Kxg5 Kc5 51. Kf6 Kb5 52. Ra4 a5
53. Re4 Rd2 54. a4+ Kb6 55. Re5 Rd3 56. Rb5+ Ka6 57. Ke5 Rd1 58. Ke4 Rd8 59.
Ke5 Rd7 60. Ke6 Rd3 61. Ke7 Rd1 62. Rb8 Rd3 63. Ke6 Ka7 64. Rb5 Ka6 65. Ke5 Rd8
66. Rd5 Rb8 67. Rd6+ Ka7 68. Rd3 Rb4 69. Kd5 Kb7 70. Kc5 Kc7 71. Rh3 Kb7 72.
Rg3 Kb8 73. Kc6 Ka7 74. Rg7+ Kb8 75. Rg5 Rxb3 76. Rxa5 Ra3 77. Rb5+ Ka7 78. Rb4
Ka6 79. Rb8 Rc3+ 80. Kd5 Ra3 81. Kc5 Ka7 82. Rb1 Rxa4 1/2-1/2

[Event "DEM U16w 2000"]
[Site "Überlingen GER"]
[Date "2000.06.04"]
[Round "2"]
[White "Schuler, Dorothea"]
[Black "Schlosberg, Elisabeth"]
[Result "1/2-1/2"]
[Termination "normal"]
[Board "2"]
[WhiteElo "1739"]
[BlackElo "2040"]
[PlyCount "74"]
[BlackFideId "4659228"]
[EventCountry "GER"]
[EventRounds "9"]
[EventType "swiss"]
[EventDate "2000.06.03"]

1. d4 Nf6 2. Nc3 d5 3. Bg5 b6 4. e3 Bb7 5. Nf3 e6 6. Be2 Be7 7. O-O h6 8. Bf4
Bd6 9. Be5 O-O 10. Bxf6 Qxf6 11. Bd3 e5 12. dxe5 Bxe5 13. Nxe5 Qxe5 14. Be2 Nd7
15. Bf3 Nf6 16. Qd4 Qe6 17. Rfe1 c5 18. Qf4 Ne4 19. Nb5 Rad8 20. Nxa7 f5 21. h4
g5 22. Qh2 Rd7 23. Nb5 g4 24. Bxe4 fxe4 25. Qg3 Bc6 26. Nc3 Rg7 27. Ne2 Kh7 28.
Nf4 Qf5 29. Rad1 Rff7 30. Rd2 b5 31. a3 Rd7 32. Red1 h5 33. b4 c4 34. c3 Rd8
35. Ne2 Be8 36. Nd4 Qf6 37. Kh1 Rf7 1/2-1/2

[Event "DEM U16w 2000"]
[Site "Überlingen GER"]
[Date "2000.06.04"]
[Round "2"]
[White "Häcker, Sonja"]
[Black "Diebig, Maja"]
[Result "1-0"]
[Termination "normal"]
[Board "3"]
[WhiteElo "1798"]
[BlackElo "1614"]
[PlyCount "59"]
[WhiteFideId "4680928"]
[EventCountry "GER"]
[EventRounds "9"]
[EventType "swiss"]
[EventDate "2000.06.03"]

1. e4 e6 2. d4 d5 3. Nd2 c5 4. exd5 cxd4 5. Ngf3 Qxd5 6. Bc4 Qd8 7. O-O Nf6 8.
Nb3 Be7 9. Nbxd4 O-O 10. Bf4 a6 11. c3 b5 12. Bb3 Bb7 13. Ne5 Qb6 14. Nxf7 Rxf7
15. Bxe6 Bd5 16. Bxf7+ Bxf7 17. Nf5 Nc6 18. Qf3 Re8 19. Qg3 Bg6 20. Nh4 Nh5 21.
Qg4 Nxf4 22. Qxf4 Bxh4 23. Qxh4 Re2 24. b3 Ne5 25. Rfe1 Rxe1+ 26. Rxe1 Nd3 27.
Re3 Nc1 28. Qg4 Qd8 29. h3 Bf7 30. Qe4 1-0

[Event "DEM U16w 2000"]
[Site "Überlingen GER"]
[Date "2000.06.04"]
[Round "2"]
[White "Ebner, Leah"]
[Black "Czäczine, Anne"]
[Result "0-1"]
[Termination "normal"]
[Board "4"]
[WhiteElo "1425"]
[BlackElo "1787"]
[PlyCount "60"]
[BlackFideId "4679326"]
[EventCountry "GER"]
[EventRounds "9"]
[EventType "swiss"]
[EventDate "2000.06.03"]

1. e4 c5 2. Nf3 d6 3. d4 cxd4 4. Nxd4 Nf6 5. Nc3 a6 6. Bg5 e5 7. f4 Be7 8. Qf3
Qc7 9. O-O-O Nbd7 10. Be2 b5 11. Kb1 b4 12. Na4 Bb7 13. Bxf6 Bxf6 14. g4 Rc8
15. c3 Qa5 16. b3 bxc3 17. Nc2 Nc5 18. Nxc5 Qxc5 19. g5 Be7 20. Bc4 O-O 21. Rd4
a5 22. h4 Qb6 23. Qxc3 d5 24. h5 dxc4 25. h6 cxb3 26. Rc4 bxc2+ 27. Ka1 f6 28.
hxg7 Rfd8 29. Qxc2 Rxc4 30. Qxc4+ Bd5 0-1

[Event "DEM U16w 2000"]
[Site "Überlingen GER"]
[Date "2000.06.04"]
[Round "2"]
[White "Winnicki, Alice"]
[Black "Tröstrum, Tina"]
[Result "1-0"]
[Termination "normal"]
[Board "5"]
[WhiteElo "1644"]
[BlackElo "1019"]
[PlyCount "99"]
[WhiteFideId "4687990"]
[EventCountry "GER"]
[EventRounds "9"]
[EventType "swiss"]
[EventDate "2000.06.03"]

1. e4 e6 2. d4 d5 3. Nc3 Nf6 4. Bg5 Be7 5. e5 Nfd7 6. h4 c5 7. Bxe7 Qxe7 8. Nb5
Nb6 9. Nd6+ Kf8 10. dxc5 N6d7 11. Nxc8 Qxc5 12. Nd6 Nxe5 13. Nb5 Qb4+ 14. c3
Qa5 15. Nf3 Ng6 16. Qd2 Nc6 17. h5 Nge7 18. Qf4 Nd8 19. Nbd4 Qb6 20. Rb1 a6 21.
Ng5 f6 22. Ngf3 Kf7 23. Bd3 Ke8 24. Qh4 Kf7 25. Nh2 e5 26. Nf5 e4 27. Nxe7 exd3
28. Nxd5 Re8+ 29. Ne3 Qe6 30. Qa4 Qd5 31. Qb3 Qe6 32. Qa4 Qd5 33. Qb3 Qe6 34.
Qxe6+ Rxe6 35. Rd1 Rd6 36. Nc4 Re6+ 37. Kd2 b5 38. Ne3 Rd6 39. Nf3 Ne6 40. Rh4
Rad8 41. Nf5 Rd5 42. N5d4 Nxd4 43. Rxd4 Rxd4 44. Nxd4 Rd5 45. g4 a5 46. Kxd3 b4
47. cxb4 axb4 48. Kc4 Ra5 49. Ra1 Re5 50. f3 1-0

[Event "DEM U16w 2000"]
[Site "Überlingen GER"]
[Date "2000.06.04"]
[Round "2"]
[White "Brandt, Madeleine"]
[Black "Schulte, Stefanie"]
[Result "0-1"]
[Termination "normal"]
[Board "6"]
[WhiteElo "923"]
[BlackElo "2115"]
[PlyCount "42"]
[BlackFideId "4658000"]
[EventCountry "GER"]
[EventRounds "9"]
[EventType "swiss"]
[EventDate "2000.06.03"]

1. d4 f5 2. h3 d6 3. Bf4 Nf6 4. Nc3 e6 5. Nf3 Be7 6. e3 O-O 7. Bd3 Qe8 8. Qd2
Nc6 9. g4 Nb4 10. a3 Nxd3+ 11. Qxd3 Qc6 12. Qe2 fxg4 13. hxg4 e5 14. Bg5 Bxg4
15. Bxf6 Bxf3 16. Rg1 Bxf6 17. Qd3 exd4 18. exd4 Rae8+ 19. Kd2 Be4 20. Qb5 Bxd4
21. Nxe4 Qxb5 0-1

[Event "DEM U16w 2000"]
[Site "Überlingen GER"]
[Date "2000.06.04"]
[Round "2"]
[White "Reiß, Rebekka"]
[Black "Blodig, Carolin"]
[Result "1-0"]
[Termination "normal"]
[Board "7"]
[WhiteElo "1388"]
[BlackElo "1476"]
[PlyCount "43"]
[BlackFideId "4692012"]
[EventCountry "GER"]
[EventRounds "9"]
[EventType "swiss"]
[EventDate "2000.06.03"]

1. f4 d5 2. Nf3 c5 3. e3 Nc6 4. d4 e6 5. g3 Nf6 6. Bg2 c4 7. O-O b5 8. c3 Bb7
9. Ne5 Bd6 10. Nd2 Nd7 11. b3 O-O 12. bxc4 bxc4 13. Nxc6 Bxc6 14. Nxc4 Be7 15.
Ne5 Nxe5 16. fxe5 Qa5 17. Bd2 Bb5 18. c4 Qa6 19. cxb5 Qxb5 20. Rb1 Qa6 21. Rb2
Rac8 22. Qb1 1-0

[Event "DEM U16w 2000"]
[Site "Überlingen GER"]
[Date "2000.06.04"]
[Round "2"]
[White "Hauck, Kerstin Elisabeth"]
[Black "Lunz, Pia"]
[Result "0-1"]
[Termination "normal"]
[Board "8"]
[WhiteElo "1506"]
[BlackElo "1079"]
[PlyCount "70"]
[EventCountry "GER"]
[EventRounds "9"]
[EventType "swiss"]
[EventDate "2000.06.03"]

1. e4 e6 2. Qe2 Nc6 3. Nf3 Bc5 4. g3 Nge7 5. Bg2 O-O 6. O-O Ng6 7. d3 Nd4 8.
Nxd4 Bxd4 9. h4 Qf6 10. c3 Bb6 11. h5 Ne5 12. d4 Nc6 13. e5 Qe7 14. Qg4 f5 15.
exf6 Qxf6 16. Be4 d5 17. Bg5 Qf7 18. Bc2 e5 19. Qe2 exd4 20. h6 Qf3 21. Qxf3
Rxf3 22. hxg7 Kxg7 23. Bf4 Bh3 24. Bd1 Rxf4 25. gxf4 Bxf1 26. Kxf1 Rf8 27. Bb3
Ne7 28. Kg2 Rxf4 29. f3 c6 30. Bc2 Rf6 31. Bd3 Nf5 32. Bxf5 Rxf5 33. a4 Rg5+
34. Kf1 dxc3 35. bxc3 Rg1+ 0-1

[Event "DEM U16w 2000"]
[Site "Überlingen GER"]
[Date "2000.06.04"]
[Round "2"]
[White "Thiery, Jennifer"]
[Black "Schwert, Karina"]
[Result "0-1"]
[Termination "normal"]
[Board "9"]
[WhiteElo "1093"]
[BlackElo "1348"]
[PlyCount "74"]
[EventCountry "GER"]
[EventRounds "9"]
[EventType "swiss"]
[EventDate "2000.06.03"]

1. e4 c5 2. Nf3 d6 3. d4 cxd4 4. Nxd4 Nf6 5. Nc3 a6 6. Bd3 Nbd7 7. b3 Qc7 8.
Bb2 b5 9. O-O Bb7 10. Nf3 Nc5 11. Re1 b4 12. Na4 Ncxe4 13. Bxe4 Nxe4 14. Qd4
Nf6 15. Qxb4 Rb8 16. Qc3 Qxc3 17. Bxc3 e6 18. Rad1 Be7 19. Nb2 Rc8 20. Na4 e5
21. Re2 Nd5 22. Bb2 O-O 23. c4 Nf4 24. Red2 f5 25. Ba3 e4 26. Ne5 dxe5 27. Bxe7
Rfe8 28. Bd6 Re6 29. Nc5 Rg6 30. g3 Ba8 31. Bxe5 Nh3+ 32. Kg2 e3+ 33. f3 exd2
34. Rxd2 Ng5 35. Nxa6 Rxa6 36. Kf2 Nxf3 37. Rd7 Nxe5 0-1

[Event "DEM U16w 2000"]
[Site "Überlingen GER"]
[Date "2000.06.04"]
[Round "2"]
[White "Rönsch, Kerstin"]
[Black "Hönecke, Judith"]
[Result "1/2-1/2"]
[Termination "normal"]
[Board "10"]
[WhiteElo "1299"]
[BlackElo "1149"]
[PlyCount "66"]
[BlackFideId "4696328"]
[EventCountry "GER"]
[EventRounds "9"]
[EventType "swiss"]
[EventDate "2000.06.03"]

1. e4 c5 2. Nc3 d6 3. Bb5+ Bd7 4. Bxd7+ Qxd7 5. d3 Nc6 6. Nf3 e6 7. O-O Nf6 8.
Re1 Be7 9. Bg5 O-O 10. e5 dxe5 11. Nxe5 Nxe5 12. Rxe5 Qc7 13. Qe2 Nd7 14. Bxe7
Qxe5 15. Qxe5 Nxe5 16. Bxf8 Kxf8 17. Rd1 Rd8 18. f3 Ke7 19. Kf2 f5 20. Ke3 g5
21. g3 a6 22. h3 Nc6 23. f4 gxf4+ 24. Kxf4 Kf6 25. a3 e5+ 26. Ke3 Rg8 27. Ne2
h5 28. Rf1 Ne7 29. b4 Nd5+ 30. Kd2 cxb4 31. axb4 Ke6 32. c3 b5 33. d4 Rf8
1/2-1/2

[Event "DEM U16w 2000"]
[Site "Überlingen GER"]
[Date "2000.06.04"]
[Round "2"]
[White "Gorodetskaja, Ewgenija"]
[Black "Bartholomeyzik, Theresa"]
[Result "0-1"]
[Termination "normal"]
[Board "11"]
[WhiteElo "1029"]
[BlackElo "1269"]
[PlyCount "108"]
[EventCountry "GER"]
[EventRounds "9"]
[EventType "swiss"]
[EventDate "2000.06.03"]

1. d4 Nf6 2. e3 b6 3. f4 Bb7 4. Nf3 e6 5. Bd3 Be7 6. O-O d6 7. Nbd2 Nbd7 8. c3
O-O 9. Qc2 h6 10. e4 c5 11. e5 Nd5 12. Be4 Ne3 13. Qb1 Nxf1 14. Nxf1 Bxe4 15.
Qxe4 d5 16. Qc2 Rc8 17. Qd3 f6 18. g4 fxe5 19. Nxe5 Nxe5 20. fxe5 Bg5 21. Ne3
Rf3 22. Kg2 Qf8 23. Qe2 Rf7 24. Bd2 Kh8 25. Rg1 Bf4 26. Kh1 Bxh2 27. Qxh2 Rf2
28. Rg2 Qf3 29. Kg1 Rxd2 30. Rxd2 Qxe3+ 31. Qf2 Qxf2+ 32. Rxf2 cxd4 33. cxd4
Rc1+ 34. Kg2 Rd1 35. Rf8+ Kh7 36. Re8 Rxd4 37. Rxe6 Rxg4+ 38. Kf3 Re4 39. Re7
a5 40. Re6 b5 41. Rb6 Rxe5 42. Rxb5 a4 43. Ra5 Kg6 44. Rxa4 Kf5 45. Rf4+ Ke6
46. a4 Kd6 47. b4 g6 48. a5 Rf5 49. b5 Kc7 50. Kg4 h5+ 51. Kg3 Rxf4 52. Kxf4 h4
53. Kg5 d4 54. b6+ Kb7 0-1